Budget, India, 1971-72 (Record no. 507634)

000 -LEADER
fixed length control field 00290nam a2200109 4500
082 ## - DEWEY DECIMAL CLASSIFICATION NUMBER
Classification number L1 1971-72
100 ## - MAIN ENTRY--PERSONAL NAME
Personal name India. Ministry of Finance
9 (RLIN) 2101
245 ## - TITLE STATEMENT
Title Budget, India, 1971-72
Statement of responsibility, etc by Ministry of Finance
260 ## - PUBLICATION, DISTRIBUTION, ETC. (IMPRINT)
Place of publication, distribution, etc New Delhi
Name of publisher, distributor, etc Government of India
Date of publication, distribution, etc 1971
300 ## - PHYSICAL DESCRIPTION
Extent v.p.
942 ## - ADDED ENTRY ELEMENTS (KOHA)
Source of classification or shelving scheme
Holdings
Withdrawn status Lost status Source of classification or shelving scheme Damaged status Koha normalized classification for sorting Not for loan Permanent location Current location Date acquired Full call number Barcode Date last seen Price effective from Koha item type
        L_1_000000000000000_197172   Indian Institute of Public Administration Indian Institute of Public Administration 2019-02-20 L1 1971-72 GG34222 2019-02-20 2019-02-20 GG

Powered by Koha